000 00927cam a22002897a 4500
001 15485901
003 OSt
005 20140310182851.0
008 081016s2002 ph b 000 0 eng
010 _a 2008337167
020 _a971086310X
040 _aDLC
_cDLC
_dDLC
042 _alcode
050 0 0 _aMLCM 2008/00850 (G)
100 1 _aEsteban, Rolando C.,
_d1959-
245 1 0 _aMindanao folktales /
_cRolando C. Esteban, Arthur P. Casanova, Ivie C. Esteban.
260 _aMandaluyong City :
_bNational Book Store,
_c2002.
300 _axv, 95 p. ;
_c23 cm.
504 _aIncludes bibliographical references (p. 91-92).
521 _acollege students
526 _c1210L to 1700L
562 _efor circulation : 1 copy available in the collection
906 _a7
_bcbc
_corigode
_d4
_encip
_f20
_gy-gencatlg
942 _2lcc
_cBK
_kFIL
999 _c16993
_d16993